| 000 | 01462cam a22003734i 4500 | ||
|---|---|---|---|
| 003 | PE-LiUPU | ||
| 005 | 20250731183415.0 | ||
| 008 | 150623s1973 dcu r 000 0 eng d | ||
| 035 | _a(Sirsi) a26238 | ||
| 040 |
_aPE-LiUPU _bspa _cPE-LiUPU _erda |
||
| 049 | _aPRUA | ||
| 082 | 0 | 4 |
_a780 _bH19 _221 |
| 100 | 1 |
_aHamel, Paul, _eautor. |
|
| 245 | 1 | 4 |
_aThe christian and his music / _cPaul Hamel. |
| 264 | 1 |
_aWashington, DC : _bReview and Herald Publishing Association, _c1973. |
|
| 300 |
_a159 páginas ; _c21 centímetros |
||
| 336 |
_atext _2rdacontent |
||
| 337 |
_aunmediated _2rdamedia |
||
| 338 |
_avolume _2rdacarrier |
||
| 504 | _aIncluye bibliografía. | ||
| 505 | 0 | _aMusic and life -- Music and the emotions -- Music and the home -- Music and the church -- Opera and the christian -- Religion, music, and morality -- The music of rock -- Safeguards in music. | |
| 526 | _aP158 | ||
| 526 | _aP146 | ||
| 526 | _aP17 | ||
| 526 | _aP12 | ||
| 526 | _aP06 | ||
| 650 | 0 | 4 |
_aMúsica _xAspectos religiosos. |
| 942 |
_2ddc _cBOOK |
||
| 949 |
_a780 H19 _wDEWEY _c1 _i51523 _lCCODEBUL1 _mBUL _p10.00 _r0 _sY _tBOOK _u2015-06-24 _xTEOLOGIA _PP35 _0COMPRA _o.STAFF. Colección General |
||
| 994 |
_aC0 _bPEPRU |
||
| 596 | _a1 | ||
| 999 |
_a780 H19 _wDEWEY _c33247 _i51523 _f2021-11-11 _g5 _lCCODEBUL1 _mBUL _p10.00 _r0 _sY _tBOOK _u2015-6-24 _xTEOLOGIA _PP35 _0COMPRA _o.STAFF. Colección Teología _d33247 |
||
| 980 |
_81 _gALBERTO SANCHEZ Responsable de Automatización |
||